000 00318nam a22001337a 4500
008 180127b xxu||||| |||| 00| 0 eng d
020 _a1560532203
041 _aeng
080 _a616.12
100 _a7
101 _aKAR
245 _aNew Anticoagulants for the Cardiovascular Patient
_cPifarre, R
942 _2udc
_cBK
999 _c41103
_d41103